000 00292nam a22001337a 4500
008 170818b xxu||||| |||| 00| 0 eng d
020 _a9781269431934
041 _aeng
080 _a51
100 _a37
101 _aMAT
245 _aBEVILL MATH EMPORIUM
_cPRIOR.R.H
942 _2udc
_cBK
999 _c24114
_d24114